| 000 | 01438nam a22003017a 4500 | ||
|---|---|---|---|
| 003 | dpl | ||
| 005 | 20180626141352.0 | ||
| 008 | 180626b xxu||||| |||| 00| 0 eng d | ||
| 010 | _aB-242490 | ||
| 020 |
_c00.00 _a8190274163 |
||
| 035 | _aB-242490, B-242494 | ||
| 037 | _bCen Lib/Ret | ||
| 040 |
_aDPL _bHN _c0 |
||
| 082 |
_a027.7 _bशर्माबी |
||
| 100 |
_aशर्मा, बी.के. _990423 |
||
| 245 |
_aशेक्षणिक पुस्तकालय प्रणाली / _cबी.के.शर्मा [और] डी.वी.सिंह |
||
| 246 |
_aShaishnik pustakalya pranali / _bby B.K.Sharma [aur] D.V.Singh |
||
| 260 |
_aआगरा _bवाई.के.पब्लिशर्स _c2006 |
||
| 270 |
_bआगरा _aब्लाक-77, संजय प्लेस |
||
| 300 |
_a488पृ. _c21सेमी(सजिल्द) |
||
| 500 | _aसंदर्भ शामिल | ||
| 650 |
_aआधुनिक समाज -- पुस्तकालयों की भूमिका _990424 |
||
| 650 |
_aपुस्तकालय -- ऐतिहासिक पृष्टभूमि एवं विकास _990425 |
||
| 650 |
_aModern society - the role of libraries _990426 |
||
| 650 |
_aLibrary - Historical background and development _990427 |
||
| 700 |
_aडी.वी.सिंह _953613 |
||
| 942 |
_2ddc _cHN _h027.7 _mशर्माबी |
||
| 999 |
_c120439 _d120439 |
||